| 000 | 00386nam a2200133Ia 4500 | ||
|---|---|---|---|
| 008 | 220524s9999 xx 000 0 und d | ||
| 041 | _aeng | ||
| 082 | _a1 | ||
| 100 |
_aEd.by Gandhi Naresh _92901 |
||
| 245 | _aInternational Seminar on knitting an Emerging Scenario of Fabric Formation Proceedings | ||
| 260 | _bThe Textile Association India | ||
| 650 |
_aKnitting _92902 |
||
| 906 | _a351 | ||
| 999 |
_c5082 _d5082 |
||